Triunfos de Scotland Yard / (Record no. 75692)

MARC details
000 -LEADER
campo de control de longitud fija 00656nam a2200217 i 4500
001 - NÚMERO DE CONTROL
campo de control 75692
003 - IDENTIFICADOR DE NÚMERO DE CONTROL
campo de control ES-MaACL
005 - FECHA Y HORA DE LA ÚLTIMA TRANSACCIÓN
campo de control 20230906172544.0
007 - CAMPO FIJO DE DESCRIPCIÓN FÍSICA--INFORMACIÓN GENERAL
campo de control de longitud fija t|
008 - DATOS DE LONGITUD FIJA--INFORMACIÓN GENERAL
campo de control de longitud fija 040927s1957 sp ||||1| spa d
100 1# - ENTRADA PRINCIPAL--NOMBRE DE PERSONA
Nombre de persona Gribble, Leonard.
9 (RLIN) 59978
245 10 - MENCIÓN DEL TÍTULO
Título Triunfos de Scotland Yard /
Mención de responsabilidad, etc. Leonard Gribble ; [traducción directa del inglés por Francisco Javier Mariñas].
250 ## - MENCION DE EDICION
Mención de edición [1ª ed.].
260 ## - PUBLICACIÓN, DISTRIBUCIÓN, ETC.
Lugar de publicación, distribución, etc. Barcelona :
Nombre del editor, distribuidor, etc. AHR,
Fecha de publicación, distribución, etc. [1957] (
Fabricante Condal)
300 ## - DESCRIPCIÓN FÍSICA
Extensión 276 p. ;
Dimensiones 21 cm.
490 1# - MENCIÓN DE SERIE
Mención de serie Amanecer
700 1# - ENTRADA AGREGADA--NOMBRE PERSONAL
Nombre de persona Mariñas, Francisco Javier.
9 (RLIN) 76858
830 0# - PUNTO DE ACCESO ADICIONAL DE SERIE-TÍTULO UNIFORME
Título uniforme Amanecer
9 (RLIN) 181036
852 ## - LOCALIZACIÓN
Ubicación ES-MaACL
Número de control de estantería C-14214
Sublocalización o colección R.41694
Holdings
Estatus retirado Estado de pérdida Estado de daño No para préstamo Biblioteca de origen Biblioteca actual Ubicación en estantería Fecha de adquisición Fuente de adquisición Total de préstamos Signatura topográfica completa Código de barras Visto por última vez Precio de reemplazo Tipo de ítem Koha
        Biblioteca del Ateneo de Madrid Biblioteca del Ateneo de Madrid Sala Palomar 17/01/2008     C-14214 1079225 23/02/2023 23/02/2023 Libro impreso